PUBIC FINANCE (Record no. 4669)
[ view plain ]
| 000 -LEADER | |
|---|---|
| fixed length control field | 00407cam a2200181ua 4500 |
| 008 - FIXED-LENGTH DATA ELEMENTS--GENERAL INFORMATION | |
| fixed length control field | 120410n1992 II |||gr||||Z||||||eng |
| 040 ## - CATALOGING SOURCE | |
| Original cataloging agency | MAIN |
| 041 ## - LANGUAGE CODE | |
| -- | English |
| 082 ## - DEWEY DECIMAL CLASSIFICATION NUMBER | |
| Classification number | 336 PAP |
| 100 ## - MAIN ENTRY--PERSONAL NAME | |
| Personal name | PAPOLA, T. S. |
| 245 ## - TITLE STATEMENT | |
| Title | PUBIC FINANCE |
| 260 ## - PUBLICATION, DISTRIBUTION, ETC. | |
| Place of publication, distribution, etc. | LUCKNOW |
| Name of publisher, distributor, etc. | PRAKASHAN KENDRA |
| Date of publication, distribution, etc. | 1992 |
| 300 ## - PHYSICAL DESCRIPTION | |
| Extent | 409: |
| Dimensions | 20CM. |
| 700 ## - ADDED ENTRY--PERSONAL NAME | |
| Personal name | SACHDEV, A. N. |
| 942 ## - ADDED ENTRY ELEMENTS (KOHA) | |
| Koha item type | Books |
| 653 ## - INDEX TERM--UNCONTROLLED | |
| Uncontrolled term | Public finance |
| Withdrawn status | Lost status | Damaged status | Not for loan | Collection code | Home library | Current library | Shelving location | Date acquired | Full call number | Barcode | Date last seen | Copy number | Price effective from | Koha item type | Public note |
|---|---|---|---|---|---|---|---|---|---|---|---|---|---|---|---|
| TBECO | Central Library and Information Centre Sibsagar Girls College | Central Library and Information Centre Sibsagar Girls College | ECONOMICS BOOK RACK | 06.06.1990 | 336 PAP | 12990 | 27.02.2020 | 1 | 27.02.2020 | Books | V |